| Tag |
First Indicator |
Second Indicator |
Subfields |
| LEADER |
00000cam a2200000 4500 |
| 001 |
in00003460921 |
| 005 |
20151206105326.0 |
| 008 |
751010s1905 xx 00000 eng d |
| 035 |
|
|
|a (OCoLC)ocm01691496
|
| 040 |
|
|
|a DZM
|c DZM
|d m.c.
|d TNY
|d UtOrBLW
|
| 090 |
|
|
|a PS1677
|b .C5 1905
|
| 092 |
|
|
|a 812.5
|b F544c
|
| 100 |
1 |
|
|a Fitch, Clyde,
|d 1865-1909.
|
| 245 |
1 |
4 |
|a The climbers ;
|b a play in four acts.
|
| 264 |
|
1 |
|a New York :
|b Macmillan,
|c [1905]
|
| 264 |
|
4 |
|c [©1905]
|
| 300 |
|
|
|a 265 pages ;
|c 18 cm.
|
| 336 |
|
|
|a text
|b txt
|2 rdacontent
|
| 337 |
|
|
|a unmediated
|b n
|2 rdamedia
|
| 338 |
|
|
|a volume
|b nc
|2 rdacarrier
|
| 999 |
|
|
|a MARS
|
| 999 |
f |
f |
|s 293d7397-7484-3c40-a64f-6db93220b645
|i 7e6982f9-328b-3a2a-b351-f8897db2bafa
|t 0
|
| 952 |
f |
f |
|p ric
|a Texas A&M University
|b Rellis Campus
|c Joint Library Facility
|d Remote Storage
|t 0
|e PS1677 .C5 1905
|h Library of Congress classification
|i unmediated -- volume
|m 32060000668158
|
| 998 |
f |
f |
|a PS1677 .C5 1905
|t 0
|l Remote Storage
|